Zaat-o-kainat (Record no. 1848341)

MARC details
000 -LEADER
fixed length control field 00642nam a2200217 4500
005 - DATE AND TIME OF LATEST TRANSACTION
control field 20260420165117.0
008 - FIXED-LENGTH DATA ELEMENTS--GENERAL INFORMATION
fixed length control field 260420b |||||||| |||| 00| 0 eng d
020 ## - INTERNATIONAL STANDARD BOOK NUMBER
International Standard Book Number 9789366919454 (hbk)
037 ## - SOURCE OF ACQUISITION
Terms of availability TB
040 ## - CATALOGING SOURCE
Original cataloging agency CRL
Transcribing agency CRL
041 ## - LANGUAGE CODE
Source of code URD
Language code of text/sound track or separate title URD
084 ## - COLON CLASSIFICATION NUMBER
Classification number U8 168R5
Assigning agency CRL
100 ## - MAIN ENTRY--PERSONAL NAME
Personal name Rizvi, Shahida Osaid
9 (RLIN) 1235227
245 ## - TITLE STATEMENT
Title Zaat-o-kainat
260 ## - PUBLICATION, DISTRIBUTION, ETC.
Place of publication, distribution, etc. Delhi, India:
Name of publisher, distributor, etc. Arshia publications,
Date of publication, distribution, etc. 2025
300 ## - PHYSICAL DESCRIPTION
Extent 344p.
365 ## - TRADE PRICE
Price amount 400.00
Currency code INR
650 ## - SUBJECT ADDED ENTRY--TOPICAL TERM
Topical term or geographic name entry element Travel
942 ## - ADDED ENTRY ELEMENTS (KOHA)
Source of classification or shelving scheme Colon Classification (CC)
Suppress in OPAC No
Koha item type Textbook
Classification part U8 168R5
Holdings
Withdrawn status Lost status Source of classification or shelving scheme Damaged status Not for loan Home library Current library Date acquired Source of acquisition Cost, normal purchase price Inventory number Total Checkouts Full call number Barcode Date last seen Price effective from Koha item type
    Colon Classification (CC)     Central Library Central Library 2026-04-20 Author 400.00 Gift   U8 168R5 CL1700359 2026-04-20 2026-04-20 Textbook
Copyright @ Delhi University Library System